000 00712nam a22002417a 4500
003 OSt
005 20140310181918.0
008 130717t xxu||||| |||| 00| 0 eng d
020 _a9780590493611
050 _aLB 1576
_b.Z46 1995
082 _aTR 372.6
_bZ4 1995
100 _aZeman, Anne
_91228
245 _aEverything you need to know about English homework /
_cAnne Zeman.
260 _aNew York :
_bScholastic Inc,
_c1995.
300 _a191p. :
_bill. ;
_c27 cm.
500 _aIncludes index.
521 _aFaculty
541 _j1
562 _e1
648 _aLanguage arts
_xJubvenile literature
_91229
648 _aHomework
_xJuvenile literature
_91230
942 _2lcc
_cBK-TR
_kTR
999 _c6843
_d6843